000
00239nam a22001097a 4500
082
_a
823
_b
BLY/H
100
_a
BLYTON, ENID
245
_a
HAPPY HOURS STORY BOOK
260
_a
GREAT BRITAIN
_b
DEAN & SON LTD
_c
1964
300
_a
185
942
_c
BK
999
_c
7253
_d
7253